| 000 | 00810nam a22002177a 4500 | ||
|---|---|---|---|
| 999 |
_c6048 _d6048 |
||
| 005 | 20260129140128.0 | ||
| 008 | 260129b ||||| |||| 00| 0 eng d | ||
| 020 | _a9781406399752 | ||
| 040 | _cKH8 | ||
| 082 | _a823.92 | ||
| 100 |
_aSTOWER,LOUIE _eAUTHOR |
||
| 245 |
_aLOKI _bA BAD GOD'S GUIDE TO BEING GOOD |
||
| 260 |
_a87 Vauxhall Walk,London SE11 5HJ _bWalker Books Ltd _c2022 |
||
| 300 |
_a235 pages _bb illustration _c13cm x 19cm |
||
| 520 | _aAfter one prank too many, trickster god Loki has been banished to live as a kid on Earth. If he can show moral improvement within one month, he'll be allowed to return to Asgard. If not? Eternity in a pit of angry snakes.-Library Thing- | ||
| 650 | _aJuvenile Fiction | ||
| 655 | _aFantasy | ||
| 655 | _aMythical | ||
| 655 | _aLegend | ||
| 942 |
_2ddc _cFIC |
||